| 000 | 00710cam a22002533a 4500 | ||
|---|---|---|---|
| 001 | 25451 | ||
| 003 | PGUSA | ||
| 005 | 20140828083540.0 | ||
| 008 | 080512s2008||||xxu|||||s|||||000 | eng d | ||
| 040 |
_aPGUSA _beng |
||
| 042 | _adc | ||
| 050 | 4 | _aPZ | |
| 100 | 1 |
_aEvans, C. S. _q(Charles Seddon), _d1883-1944 |
|
| 245 | 1 | 4 |
_aThe Sleeping Beauty _h[electronic resource] / _cC. S. Evans |
| 260 |
_bProject Gutenberg, _c2008 |
||
| 506 | _aPublic domain in the USA. | ||
| 516 | _aElectronic text | ||
| 653 | _aFolklore -- Germany | ||
| 653 | _aFairy tales | ||
| 700 | 1 |
_aRackham, Arthur, _d1867-1939 |
|
| 830 | 0 |
_aProject Gutenberg _v25451 |
|
| 856 | 4 | 0 | _uhttp://www.gutenberg.org/ebooks/25451 |
| 942 | _cEB | ||
| 999 |
_c254706 _d254706 |
||